| 000 | 00856nam a2200229 a 4500 | ||
|---|---|---|---|
| 003 | SISC | ||
| 005 | 20170124160831.0 | ||
| 008 | 120903s19uu xx 00 eng d | ||
| 020 | _a9789814351225 | ||
| 050 |
_aHD 57.7 _b.W947 2012 |
||
| 100 | _aWright, Howard. | ||
| 245 |
_a100 great innovation ideas / _cHoward Wright. |
||
| 260 |
_aSingapore : _bMarshall Cavendish, _c2012. |
||
| 300 |
_a280 pages : _billustrations ; _c20 cm. |
||
| 440 | _a100 great ideas. | ||
| 520 | _aCompanies that fail to innovate will, like prehistoric dinosaurs, eventually disapper from the face of the earth. This book contains 100 great innovation ideas, extracted from the world's best companies. | ||
| 650 | _aOrganizational change | ||
| 650 | _aCreative ability in business. | ||
| 650 | _aReengineering (Management). | ||
| 942 |
_cBK _2lcc _kFOR |
||
| 999 |
_c25323 _d25323 |
||